التلوث من الضجيج / (رقم التسجيلة. 137214)

تفاصيل مارك
000 -LEADER
fixed length control field 00557nam a22001937a 4500
005 - DATE AND TIME OF LATEST TRANSACTION
control field 20251108175553.0
008 - FIXED-LENGTH DATA ELEMENTS--GENERAL INFORMATION
fixed length control field 250721s9999 xx 000 0 ara d
082 14 - DEWEY DECIMAL CLASSIFICATION NUMBER
Classification number ط/363.7/تلو
100 1# - MAIN ENTRY--PERSONAL NAME
Personal name شباني، سناء
Relator term مترجم
245 10 - TITLE STATEMENT
Title التلوث من الضجيج /
264 ## - PRODUCTION, PUBLICATION, DISTRIBUTION, MANUFACTURE, AND COPYRIGHT NOTICE
Name of producer, publisher, distributor, manufacturer Home Applied Training،
300 ## - PHYSICAL DESCRIPTION
Extent 12ص
490 0# - SERIES STATEMENT
Series statement جدي أخبرني عن
650 17 - SUBJECT ADDED ENTRY--TOPICAL TERM
Topical term or geographic name as entry element البيئة
650 17 - SUBJECT ADDED ENTRY--TOPICAL TERM
Topical term or geographic name as entry element حماية البيئة
653 ## - INDEX TERM--UNCONTROLLED
Uncontrolled term أطفال مرحلة متوسطة (6-9) سنوات
942 ## - ADDED ENTRY ELEMENTS (KOHA)
Source of classification or shelving scheme Dewey Decimal Classification
Koha item type كتب
المقتنيات
حالة السحب حالة الفقدان مصدر التصنيف حالة التلف غير قابل للإعارة المكتبة الرئيسية المكتبة الحالية موقع الرف تاريخ التزويد الرقم المتسلسل Total Checkouts رقم الإستدعاء الباركود تاريخ آخر ظهور تاريخ الفاتورة نوع المادة (كوها)
    Dewey Decimal Classification     المكتبة المركزية المكتبة المركزية الأطفال 28/07/2025 1681205   ط/363.7/تلو PLD00420055 28/07/2025 28/07/2025 كتب
    Dewey Decimal Classification     المكتبة المركزية المكتبة المركزية الأطفال 12/11/2018 1691956   ط/363.7/تلو PLD00437972 28/07/2025 12/11/2018 كتب
    Dewey Decimal Classification     مكتبة البشائر للأطفال مكتبة البشائر للأطفال الأطفال 21/07/2018 1681265   ط/363.7/تلو PLD00424163 28/07/2025 21/07/2018 كتب
    Dewey Decimal Classification     مكتبة قتيبة للأطفال مكتبة قتيبة للأطفال الأطفال 21/07/2018 1681253   ط/363.7/تلو PLD00424162 28/07/2025 21/07/2018 كتب
    Dewey Decimal Classification     مكتبة أم المؤمنين للأطفال مكتبة أم المؤمنين للأطفال الأطفال 21/07/2018 1681277   ط/363.7/تلو PLD00424164 28/07/2025 21/07/2018 كتب
    Dewey Decimal Classification     مكتبة البراعم الواعدة مكتبة البراعم الواعدة الأطفال 21/07/2018 1681301   ط/363.7/تلو PLD00424166 28/07/2025 21/07/2018 كتب
    Dewey Decimal Classification     مكتبة البيادر مكتبة البيادر الأطفال 21/07/2018 1681241   ط/363.7/تلو PLD00424161 28/07/2025 21/07/2018 كتب
    Dewey Decimal Classification     مكتبة الراية الهاشمية للأطفال مكتبة الراية الهاشمية للأطفال الأطفال 21/07/2018 1681289   ط/363.7/تلو PLD00424165 28/07/2025 21/07/2018 كتب
    Dewey Decimal Classification     مكتبة بدر للأطفال مكتبة بدر للأطفال الأطفال 21/07/2018 1681313   ط/363.7/تلو PLD00424167 28/07/2025 21/07/2018 كتب
    Dewey Decimal Classification     مكتبة بيت السينما مكتبة بيت السينما الأطفال 17/09/2018 1688841   ط/363.7/تلو PLD00431976 28/07/2025 17/09/2018 كتب
    Dewey Decimal Classification     مكتبة حمزة العامة مكتبة حمزة العامة الأطفال 12/11/2018 1691968   ط/363.7/تلو PLD00437973 28/07/2025 12/11/2018 كتب
    Dewey Decimal Classification     مكتبةمؤتة مكتبةمؤتة الأطفال 21/07/2018 1681229   ط/363.7/تلو PLD00424160 28/07/2025 21/07/2018 كتب
Implemented & Customized by: BBB with SCIT (Smart Chains for Information Technology)

Powered by Koha